000 00332nam a2200133Ia 4500
008 220204s9999 xx 000 0 und d
082 _a657.6
_bSTE
100 _aStettler, Howard F
245 0 _aSystems based independent audits
250 _aEd.2
260 _aNew Jersey
_bPrentice Hall
_c1974
650 _aAuditing
942 _cBK
999 _c24467
_d24467